000 00686nam a2200205 i 4500
001 128472
003 ES-MaACL
005 20230906193308.0
007 t|
008 070514s1931 sp ||||1| spa d
100 1 _aTabouis, Geneviève R.
_9109039
245 1 3 _aLa vida privada de Tut-Ank-Amon /
_cG.R. Tabouis ; prólogo de Theodore Reinach ; traducido por Matilde Villarreal.
260 _aMadrid :
_bEditorial España,
_c1931.
300 _a342 p. :
_bil. ;
_c20 cm.
504 _aBibliografía: p. 341-342.
600 0 4 _aTutankhamon
_cRey de Egipto.
_9111780
700 0 _aReinach, Théodore.
_996040
700 1 _aVillarreal, Matilde.
_9115134
852 _aES-MaACL
_jA-4193
999 _c128472
_d128472